| 000 | 00767nam a2200229 a 4500 | ||
|---|---|---|---|
| 001 | 000022945 | ||
| 005 | 20200930021904.0 | ||
| 008 | 100915s1965 ve a 000 0 spa d | ||
| 040 |
_aDO-SdBNP _bspa _cBNPHU |
||
| 082 |
_a928.61 _bB446C |
||
| 100 | 1 |
_aCaldera, Rafael. _920912 |
|
| 245 | 1 | 0 |
_aAndrés Bello / _cRafael Caldera. |
| 250 | _a4a ed. | ||
| 260 |
_aCaracas : _bInstituto Nacional de Cultura y Bellas Artes, _c1965. |
||
| 300 |
_a249 p. : _bil. ; _c16 cm. |
||
| 490 | 1 |
_aBiblioteca Popular Venezolana. Puesta al día _v106 |
|
| 600 | 1 | 4 |
_aBELLO, ANDRÉS _d1781-1865 _xBIOGRAFÍA _96767 |
| 650 | 4 |
_aLiteratura venezolana _93816 |
|
| 651 | 4 |
_aVenezuela _xHistoria _93660 |
|
| 830 | 0 |
_aBiblioteca Popular Venezolana. _pPuesta al día _v106 _947177 |
|
| 049 | _aBNGR | ||
| 999 |
_c22442 _d22442 |
||